An introduction to computer simulation / (Record no. 23724)

000 -LEADER
fixed length control field 01232pam a2200289 a 4500
001 - CONTROL NUMBER
control field 1198674
003 - CONTROL NUMBER IDENTIFIER
control field NUST
005 - DATE AND TIME OF LATEST TRANSACTION
control field 20170530121803.0
008 - FIXED-LENGTH DATA ELEMENTS--GENERAL INFORMATION
fixed length control field 980605s1999 enka 001 0 eng
010 ## - LIBRARY OF CONGRESS CONTROL NUMBER
LC control number 98026965
020 ## - INTERNATIONAL STANDARD BOOK NUMBER
International Standard Book Number 0198504233 (hardcover)
020 ## - INTERNATIONAL STANDARD BOOK NUMBER
International Standard Book Number 019850425X (pbk.)
040 ## - CATALOGING SOURCE
Original cataloging agency DLC
Transcribing agency RCMS
Modifying agency DLC
050 00 - LIBRARY OF CONGRESS CALL NUMBER
Classification number QA76.9.C65
Item number P46 1999
082 00 - DEWEY DECIMAL CLASSIFICATION NUMBER
Classification number 003/.3 WOO
Edition number 21
100 1# - MAIN ENTRY--PERSONAL NAME
Personal name Woolfson, Michael M.
Fuller form of name (Michael Mark)
9 (RLIN) 1598
245 13 - TITLE STATEMENT
Title An introduction to computer simulation /
Statement of responsibility, etc. M.M. Woolfson and G.J. Pert.
260 ## - PUBLICATION, DISTRIBUTION, ETC.
Place of publication, distribution, etc. Oxford ;
-- New York :
Name of publisher, distributor, etc. Oxford University Press,
Date of publication, distribution, etc. c1999.
300 ## - PHYSICAL DESCRIPTION
Extent xiii, 311 p. :
Other physical details ill. ;
Dimensions 25 cm.
504 ## - BIBLIOGRAPHY, ETC. NOTE
Bibliography, etc. note Includes bibliographical references (p. [307]) and index.
538 ## - SYSTEM DETAILS NOTE
Display text Shelf No 1 Row No 2
650 #0 - SUBJECT ADDED ENTRY--TOPICAL TERM
Topical term or geographic name entry element Computer simulation.
9 (RLIN) 1599
700 1# - ADDED ENTRY--PERSONAL NAME
Personal name Pert, G. J.
Fuller form of name (Geoffrey J.)
9 (RLIN) 1600
856 42 - ELECTRONIC LOCATION AND ACCESS
Materials specified Publisher description
Uniform Resource Identifier <a href="http://www.loc.gov/catdir/enhancements/fy0606/98026965-d.html">http://www.loc.gov/catdir/enhancements/fy0606/98026965-d.html</a>
856 41 - ELECTRONIC LOCATION AND ACCESS
Materials specified Table of contents only
Uniform Resource Identifier <a href="http://www.loc.gov/catdir/enhancements/fy0606/98026965-t.html">http://www.loc.gov/catdir/enhancements/fy0606/98026965-t.html</a>
906 ## - LOCAL DATA ELEMENT F, LDF (RLIN)
a 7
b cbc
c orignew
d 1
e ocip
f 19
g y-gencatlg
942 ## - ADDED ENTRY ELEMENTS (KOHA)
Source of classification or shelving scheme
Koha item type Book
Holdings
Withdrawn status Lost status Source of classification or shelving scheme Damaged status Not for loan Permanent Location Current Location Shelving location Date acquired Total Checkouts Full call number Barcode Date last seen Date last checked out Price effective from Koha item type
          School of Interdisciplinary Engineering and Sciences (SINES) School of Interdisciplinary Engineering and Sciences (SINES) General Stacks 01/02/2014 1 003.3WOO RCMS000620 06/08/2018 06/05/2018 01/02/2014 Book
© 2023 Central Library, National University of Sciences and Technology. All Rights Reserved.